The friendship & Follies of Oscar Wilde
Збережено в:
| Автор: | |
|---|---|
| Формат: | Книга |
| Мова: | Undetermined |
| Опубліковано: |
Londres, Inglaterra
Hutchinson & Co.
1954
|
| Предмети: | |
| Теги: |
Додати тег
Немає тегів, Будьте першим, хто поставить тег для цього запису!
|
MARC
| LEADER | 00000nam a2200000Ia 4500 | ||
|---|---|---|---|
| 008 | 170316s9999 xx 000 0 und d | ||
| 040 | |a cru BVZT | ||
| 090 | |a 820 B-20f | ||
| 100 | |a Broad, Lewis | ||
| 245 | 4 | |a The friendship & Follies of Oscar Wilde | |
| 260 | |a Londres, Inglaterra | ||
| 260 | |b Hutchinson & Co. | ||
| 260 | |c 1954 | ||
| 300 | |a 264 páginas | ||
| 505 | |a Novela biográfica narrativa donde se relata la vida de Oscar Wilde, desde su temperamento y personalidad siendo influenciadas por sus padres y cercanos, como también su final donde es enjuiciado por ser partidario de lo moralmente incorrecto, llevándolo hacia la cárcel y posteriormente al exilio. | ||
| 650 | |a LITERATURA INGLESA |9 12 | ||
| 999 | |c 6728 |d 6728 | ||
| 942 | |c 15 D |h 820 B-20f |2 z | ||
